| 000 | 00749nam a2200205 4500 | ||
|---|---|---|---|
| 001 | 113992 | ||
| 003 | ES-MaACL | ||
| 007 | t| | ||
| 008 | 061121s1984 sp r ||||1| spa d | ||
| 020 | _a84-206-0074-1 | ||
| 100 | 1 |
_aPahlen, Kurt. _988315 |
|
| 245 | 1 | 3 |
_aEl maravilloso mundo de la música _b: un maravilloso viaje de descubrimientos al mundo musical / _cKurt Pahlen ; [traductor Angel Fernando Mayo Antoñanzas]. |
| 260 |
_aMadrid : _bAlianza, _cD. L. 1984. |
||
| 300 |
_a301 p. : _bil ; _c18 cm. |
||
| 490 | 1 | _aEl Libro de bolsillo. Sección artes | |
| 700 | 1 |
_aMayo Antoñanzas, Angel Fernando. _979396 |
|
| 830 | 0 | 3 |
_aEl libro de bolsillo. _pArte _9182950 |
| 852 |
_aES-MaACL _jL-8204 _bR.108467 |
||
| 999 |
_c113992 _d113992 |
||